书目信息 |
| 题名: |
铁皮石斛原生态栽培技术
|
|
| 作者: | 罗仲春 , 罗斯丽 , 罗毅波 编著 | |
| 分册: | ||
| 出版信息: | 北京 中国林业出版社 2020.12 |
|
| 页数: | 94页 | |
| 开本: | 21cm | |
| 丛书名: | ||
| 单 册: | ||
| 中图分类: | S567.23 | |
| 科图分类: | ||
| 主题词: | 石斛--栽培技术 , 石斛 | |
| 电子资源: | ||
| ISBN: | 978-7-5038-7065-1 | |
| 000 | 00995nam0 2200277 45 | |
| 001 | 012001002082 | |
| 005 | 20140913102519.0 | |
| 010 | @a978-7-5038-7065-1@dCNY25.00 | |
| 100 | @a20130814d2013 em y0chiy50 ea | |
| 101 | 0 | @achi |
| 102 | @aCN@b110000 | |
| 105 | @aa z 000yy | |
| 106 | @ar | |
| 200 | 1 | @a铁皮石斛原生态栽培技术@Atie pi shi hu yuan sheng tai zai pei ji shu@b专著@f罗仲春,罗斯丽,罗毅波编著 |
| 210 | @a北京@c中国林业出版社@d2020.12 | |
| 215 | @a94页@c彩图@d21cm | |
| 300 | @a国家科技支撑计划(十二五)课题和(十一五)课题资助 | |
| 330 | @a本书总结了我们5年多来在新宁县开展铁皮石斛各种栽培模式的经验和教训,记录了铁皮石斛从瓶苗开始到采收等各个环节的操作方法和技术。 | |
| 606 | 0 | @a石斛@x栽培技术 |
| 606 | 0 | @a石斛 |
| 690 | @aS567.23@v5 | |
| 701 | 0 | @a罗仲春@Aluo zhong chun@f(1935.2 )@4编著 |
| 701 | 0 | @a罗斯丽@Aluo si li@c(女,@f1987 )@4编著 |
| 701 | 0 | @a罗毅波@Aluo yi bo@f(1964.8 )@4编著 |
| 801 | 0 | @aCN@bBJSDL@c20211011 |
| 905 | @b1338369-72@dS567.23@e131@f4 | |
| 铁皮石斛原生态栽培技术/罗仲春,罗斯丽,罗毅波编著.-北京:中国林业出版社,2020.12 |
| 94页:彩图;21cm |
| 国家科技支撑计划(十二五)课题和(十一五)课题资助 |
| ISBN 978-7-5038-7065-1:CNY25.00 |
| 本书总结了我们5年多来在新宁县开展铁皮石斛各种栽培模式的经验和教训,记录了铁皮石斛从瓶苗开始到采收等各个环节的操作方法和技术。 |
| ● |
| 相关链接 |
|
|
|
|
正题名:铁皮石斛原生态栽培技术
索取号:S567.23/131
 
预约/预借
| 序号 | 登录号 | 条形码 | 馆藏地/架位号 | 状态 | 备注 |
| 1 | 1338369 | 213383694 | 第二样本阅览室/ [索取号:S567.23/131] | 在馆 | |
| 2 | 1338370 | 213383701 | 第三借阅区/ [索取号:S567.23/131] | 在馆 | |
| 3 | 1338371 | 213383710 | 第三借阅区/ [索取号:S567.23/131] | 在馆 | |
| 4 | 1338372 | 213383729 | 第三借阅区/ [索取号:S567.23/131] | 在馆 |